Manual práctico de redacción periodística. Géneros informativos, interpretativos y de opinión.
Salvato in:
| Autore principale: | |
|---|---|
| Altri autori: | , |
| Natura: | Libro |
| Lingua: | spagnolo |
| Pubblicazione: |
Madrid, España:
Síntesis S.A.,
2017.
|
| Serie: | Ciencias de la Información y la Comunicación.
|
| Soggetti: | |
| Accesso online: | Disponible Online - Cap. 6-7 |
| Tags: |
Aggiungi Tag
Nessun Tag, puoi essere il primo ad aggiungerne!!
|
MARC
| LEADER | 00000cam a2200000 a 4500 | ||
|---|---|---|---|
| 001 | UCC8803 | ||
| 003 | CL-VaPUC | ||
| 005 | 20240111163130.0 | ||
| 008 | 190814e20170000sp |||||||||||||||||spa|d | ||
| 999 | |c 375053 |d 375051 | ||
| 020 | |a 9788490774519 | ||
| 040 | |c Pontificia Universidad Católica de Valparaíso | ||
| 082 | 0 | 4 | |a 070.41 PAR 2017 |2 21 |
| 100 | |a Parratt, Sonia |e coordinadora |9 603513 | ||
| 245 | 1 | 0 | |a Manual práctico de redacción periodística. |b Géneros informativos, interpretativos y de opinión. |
| 260 | |a Madrid, España: |b Síntesis S.A., |c 2017. | ||
| 300 | |a 281 páginas. | ||
| 490 | |a Ciencias de la Información y la Comunicación. | ||
| 583 | |a last modification |c 20190814 14:59:00 |k Rodrigo Vera | ||
| 650 | 0 | |a Redacción periodística |2 CL-VaPUC |9 332251 | |
| 650 | 0 | |a Periodismo |x Redacción |9 887140 | |
| 700 | 0 | |a Paniagua, Pedro |e autor |9 603514 | |
| 700 | 0 | |a Abejón, Paloma |e autor |9 603515 | |
| 856 | |u http://bibliografiadigital.pucv.cl.pucv.idm.oclc.org/index.php/bibliotecapucv/catalog/book/612 |y Disponible Online - Cap. 6-7 | ||
| 942 | |c BK |2 ddc | ||
| 945 | |d 20190814 14:59:00 |a dcastane | ||
| 952 | |0 0 |1 0 |3 erb |4 0 |6 070_410000000000000_PAR_2017 |7 0 |8 A |9 493940 |a BIBCUR |b BIBCUR |i 5559162 |l 10 |m 2 |o 070.41 PAR 2017 |p 5559162 |r 2025-04-22 |s 2025-03-20 |w 2019-11-24 |y BK |z Catalogado en:20190814 |k PER | ||
| 952 | |0 0 |1 0 |2 ddc |4 0 |6 070_410000000000000_PAR_2017 |7 0 |8 A |9 593275 |a BIBCUR |b BIBCUR |d 2024-01-11 |e 3 |g 32072.66 |i 5660093 |l 1 |o 070.41 PAR 2017 |p 5660093 |r 2025-04-22 |s 2025-03-17 |t 3 |v 32072.66 |w 2024-01-11 |y BK |k PER | ||
| 952 | |0 0 |1 0 |2 ddc |4 0 |6 070_410000000000000_PAR_2017 |7 0 |8 A |9 593276 |a BIBCUR |b BIBCUR |d 2024-01-11 |e 3 |g 32072.66 |i 5660092 |l 3 |m 1 |o 070.41 PAR 2017 |p 5660092 |r 2025-04-22 |s 2025-03-17 |t 2 |v 32072.66 |w 2024-01-11 |y BK |k PER | ||
| 952 | |0 0 |1 0 |2 ddc |4 0 |6 070_410000000000000_PAR_2017 |7 0 |8 A |9 593409 |a BIBCUR |b BIBCUR |c GEN |d 2024-01-19 |e 3 |g 32072.66 |i 5660198 |l 2 |o 070.41 PAR 2017 |p 5660198 |r 2025-04-22 |s 2025-03-17 |t 4 |v 32072.66 |w 2024-01-19 |y BK |k PER | ||